AutoCad LT 1.0/2.0 : Podrobná uživatelská příručka s učebnicí /

Guardado en:
Detalles Bibliográficos
Autores principales: Liška, Jan (Autor), Cyprián, Miroslav (Autor)
Formato: Libro
Lenguaje:checo
Publicado: Praha : Computer Press, [1996]
Edición:2.vyd.
Etiquetas: Agregar Etiqueta
Sin Etiquetas, Sea el primero en etiquetar este registro!

MARC

LEADER 00000nam a22000003a 4500
001 stu30385
005 20150617225734.6
008 970722s1996----cs------------------cze-d
020 |a 80-85896-33-8 
040 |a STU  |b slo 
041 0 |a cze 
044 |a cs 
080 |a 519.68 
080 |a 681.3 
100 1 |a Liška, Jan  |4 aut 
245 1 |a AutoCad LT 1.0/2.0 :  |b Podrobná uživatelská příručka s učebnicí /  |c [aut]Liška,Jan;Cyprián,Miroslav 
250 |a 2.vyd. 
260 |a Praha :  |b Computer Press,  |c [1996] 
300 |a 8,244 s 
700 1 |a Cyprián, Miroslav  |4 aut 
996 |c V*44759/O-19502  |l VV7  |s P  |a 0  |w stu30385_0001